| 000 | 00756nam a22002057a 4500 | ||
|---|---|---|---|
| 999 |
_c11328 _d11328 |
||
| 003 | AR-CdUCM | ||
| 008 | 190325b ||||| |||| 00| 0 spa d | ||
| 040 |
_aMUNICIPALIDAD PROVINCIAL DEL CUSCO _cBIBLIOTECA MUNICIPAL DEL CUSCO |
||
| 082 |
_a070.631 / _bC29 / 1960 |
||
| 100 |
_aCarnero Checa, Genaro _92353 |
||
| 245 |
_aEl periodismo mundial estrecha sus manos : _blos encuentros internacionales de Helsinki y Baden / |
||
| 260 |
_aLima : _bEdiciones Siglo XX, _c1960. |
||
| 300 |
_a59 páginas ; _c21 cm. |
||
| 500 | _aDonación familia Nieto. | ||
| 650 |
_aCongresos de periodismo _923735 |
||
| 650 |
_aEncuentro Internacional de Periodistas _923736 |
||
| 650 |
_aCongresos internacionales _923737 |
||
| 942 |
_2ddc _cLIBROS |
||
| 945 |
_apjha _d2019-05-13 |
||